LEADER 03285nam 2200577 450 001 9910792205903321 005 20230803024439.0 010 $a0-300-16305-3 024 7 $a10.12987/9780300163056 035 $a(CKB)2560000000315243 035 $a(EBL)4585708 035 $a(SSID)ssj0001400570 035 $a(PQKBManifestationID)12629055 035 $a(PQKBTitleCode)TC0001400570 035 $a(PQKBWorkID)11338137 035 $a(PQKB)11482409 035 $a(MiAaPQ)EBC4585708 035 $a(DE-B1597)486100 035 $a(OCoLC)880959802 035 $a(DE-B1597)9780300163056 035 $a(Au-PeEL)EBL4585708 035 $a(CaPaEBR)ebr11234823 035 $a(EXLCZ)992560000000315243 100 $a20160804h20132013 uy 0 101 0 $aeng 135 $aur|nu---|u||u 181 $ctxt 182 $cc 183 $acr 200 00$aBefore the door of God $ean anthology of devotional poetry /$fedited by Jay Hopler & Kimberly Johnson 210 1$aNew Haven, [Connecticut] ;$aLondon, [England] :$cYale University Press,$d2013. 210 4$dİ2013 215 $a1 online resource (460 p.) 300 $aIncludes index. 311 $a0-300-17520-5 327 $tFront matter --$tContents --$tEditors' Preface --$t"A Heauenly Poesie": The Devotional Lyric --$tA Note On The Texts --$tPart One: The Ancient Origins Of The Devotional Lyric --$tPart Two: Early Christian Lyrics Through The Fifteenth Century --$tPart Three: Psalm Translations Of The English Renaissance: The Bible As Art --$tPart Four: The Flourishing Of The Devotional Lyric In The Post-Reformation Era --$tPart Five: The Poetic Sublime: The Eighteenth And Nineteenth Centuries --$tPart Six: The Devotional Lyric In The Modern Era --$tPart Seven: The Twentieth-Century Devotional Lyric After Modernism --$tCredits --$tIndex 330 $aBefore the Door of God traces the development of devotional English-language poetry from its origins in ancient hymnody to its current twenty-first-century incarnations. The poems in this volume demonstrate not only that devotional poetry-poetry that speaks to the divine-remains in vigorous practice, but also that the tradition reaches back to the very origins of poetry in English. There is a sense in these pages that the tradition of lyric poetry that developed was nearly inevitable, given the inherent concerns of the genre. Featuring the work of poets over a three-thousand-year period, Before the Door of God places the devotional lyric in its cultural, historical, and aesthetic contexts. The volume traces the various influences on this tradition and identifies features that persist in devotional lyric poetry across centuries, cultures, and stylistic differences. To scholars, literary professionals, and general readers who find delight in fine poetry, this anthology offers much to contemplate and discuss. 606 $aDevotional poetry 606 $aReligious poetry 615 0$aDevotional poetry. 615 0$aReligious poetry. 676 $a808.819382 702 $aHopler$b Jay$f1970- 702 $aJohnson$b Kimberly$f1971- 801 0$bMiAaPQ 801 1$bMiAaPQ 801 2$bMiAaPQ 906 $aBOOK 912 $a9910792205903321 996 $aBefore the door of God$93825765 997 $aUNINA LEADER 02002nas 2200625-a 450 001 9910137844603321 005 20241221110050.0 035 $a(CKB)110978977118808 035 $a(CONSER)--2021222156 035 $a(MiFhGG)2780 035 $a(EXLCZ)99110978977118808 100 $a19810910b19332014 --- a 101 0 $aeng 181 $ctxt$2rdacontent 182 $cc$2rdamedia 183 $acr$2rdacarrier 200 10$aCaterer & hotelkeeper 210 $aSutton, Surrey $cConsumer Industries Press for Business Press International 215 $a1 online resource 300 $aPublisher varies. 311 08$aPrint version: Caterer & hotelkeeper (London, England) (DLC) 2021222156 (OCoLC)1064802442 0008-7777 517 1 $aCaterer and hotelkeeper 517 1 $aCaterer and hotel keeper 531 $aCATERER AND HOTELKEEPER 531 0 $aCater. hotelk. 606 $aHotels$2gtt 606 $aCatering$2gtt 606 $aFood Services 606 $aCaterers and catering$zGreat Britain$vPeriodicals 606 $aHotel management$zGreat Britain$vPeriodicals 606 $aRestaurant management$zGreat Britain$vPeriodicals 606 $aCaterers and catering$2fast$3(OCoLC)fst00849018 606 $aHotel management$2fast$3(OCoLC)fst00961743 606 $aRestaurant management$2fast$3(OCoLC)fst01095899 607 $aUnited Kingdom 607 $aGreat Britain$2fast 608 $aPeriodicals.$2fast 615 17$aHotels. 615 17$aCatering. 615 02$aFood Services. 615 0$aCaterers and catering 615 0$aHotel management 615 0$aRestaurant management 615 7$aCaterers and catering. 615 7$aHotel management. 615 7$aRestaurant management. 676 $a338.4764795 686 $aHP 62$2blsrissc 686 $a76.60$2bcl 686 $aTS2$2clc 906 $aJOURNAL 912 $a9910137844603321 920 $aexl_impl conversion 996 $aCaterer & Hotelkeeper$92422035 997 $aUNINA